Normal view
MARC view
- الهداوي ، حسن
Entry Personal Name
001 - CONTROL NUMBER
- control field: 11676
003 - CONTROL NUMBER IDENTIFIER
- control field: JO-AjAnu
005 - DATE AND TIME OF LATEST TRANSACTION
- control field: 20230606072155.0
008 - FIXED-LENGTH DATA ELEMENTS
- fixed length control field: 230606|| aca||aabn | a|a d
040 ## - CATALOGING SOURCE
- Original cataloging agency: JO-AjAnu
- Transcribing agency: JO-AjAnu
100 ## - HEADING--PERSONAL NAME
- Personal name: الهداوي ، حسن
670 ## - SOURCE DATA FOUND
- Source citation: Work cat.: (JO-AjAnu)6016: الهداوي ، حسن , author, القانون الدولي الخاص : تنازع القوانين، المبادئ العامة والحلول الوضعية في القانون الأردني : دراسة مقارنة